01476nmm a2200349 a 4500003001200000005001700012008004100029020001800070040001600088245006300104260004500167300001100212500010300223500015500326505003800481505004800519505005700567505005900624505004300683505003500726505005000761505005300811505005200864505004100916505003800957650002200995650002001017653002501037653002501062653002401087655001501111AR-X00000XY20251128211931.0277020s2005 ||||||||||||||000 | spa|| a987-20215-4-6 cAR-X00000XY10aCuentos sin respirobquince cuentos infantiles de suspenso aBuenos AiresbFundación El Libroc20050 a131 p.1 aPremio Edenor 2005 a escritores sin libro publicado, en el género cuentos infantiles de suspenso0 aConcurso organizado por la Fundación El Libro en el marco de la 31ª Exposición Feria Internacional de Buenos Aires 'El libro del autor al lector' tEl relojrAccoce, Juliana Beatriz tEl esqueleto de la tierrarBlasco, Martín tUn mágico violínrJurado de Janeiro, Elida Norma tEl fantasma de la mansión TalbotrSaito, Pedro Mario tSopa de letrasrMorosi, Albana María tCircorAlegre, René Fabián tEl extraterrestrerAntolín Heredia, Rubén tMancha vuelve manchadorAppiani de Linares, Olga tHechizo de luna llenarBenítez, Liliana Edith tEl monstruo agazapadorDíaz, Ariel tDesde esa olarDíaz, Jorge Omar 4aCUENTOS DE TERROR 4aCUENTO INFANTIL 0aCUENTOS DE FANTASMAS 0aCUENTOS DE MONSTRUOS 0aCUENTOS DE MISTERIO aLITERATURA